Introduction To Stochastic Processes (Record no. 43431)

MARC details
000 -LEADER
fixed length control field 00450nam a22001697a 4500
005 - DATE AND TIME OF LATEST TRANSACTION
control field 20250327104626.0
008 - FIXED-LENGTH DATA ELEMENTS--GENERAL INFORMATION
fixed length control field 250327b |||||||| |||| 00| 0 eng d
020 ## - INTERNATIONAL STANDARD BOOK NUMBER
International Standard Book Number 9781944660512
041 ## - LANGUAGE CODE
Language code of text/sound track or separate title eng
082 ## - DEWEY DECIMAL CLASSIFICATION NUMBER
Classification number 574.0182 CHE
100 ## - MAIN ENTRY--PERSONAL NAME
Author Chen, Mu-Fa
245 ## - TITLE STATEMENT
Title Introduction To Stochastic Processes
260 ## - PUBLICATION, DISTRIBUTION, ETC.
Place Singapore
Publisher World Scientific
Publication Year 2023
300 ## - PHYSICAL DESCRIPTION
Extent 230;. P. 23 cm
650 ## - SUBJECT ADDED ENTRY--TOPICAL TERM
Subject Biomathematics; Stochastic Processes
942 ## - ADDED ENTRY ELEMENTS (KOHA)
Koha item type Books
Holdings
Withdrawn status Lost status Source of classification or shelving scheme Damaged status Not for loan Home library Current library Shelving location Accession Date Vendor Price Bill number Full call number Barcode No Date last seen Discount Bill Date Koha item type Suggested By
    Dewey Decimal Classification     IMTN IMTN Rack 19-A 03/24/2025 Raghav Books Private Limited 1295.00 2374 574.0182 CHE 33722 03/27/2025 30 02/14/2025 Books Dr. Veena Paliwar
Designed & Maintained by: LRC IMT Nagpur Contact: lrc@imtnag.ac.in© 2024. All Rights Reserved.